01155nam a2200169Ia 4500008004100000020001500041050002400056100004400080245011000124260004200234300003500276500011900311505047300430650002800903650002800931650002600959120626s1996 mx 000 0 spa d a9682452562 aBF723.S35bM33 1996 aMacías - Valadez Tamayo, Guidoeautor aDesarrollo infantil 1b: Estructuración de la realidad en el niñoc/ Guido, Macías - Valadez Tamayo aMéxicob: Editorial Trillasc, 1996 a328 páginasb: ilustraciones aIncluye: Indice de contenido, Prefacio, Agradecimientos, Bibliografía, Indice onomástico, Indice analítico  a1 . Formación y consolidación del sujeto (3 a 6 años) Las diversas formas del sujeto La estructuración de los afectos El sujeto de los afectos Génesis de los sentimientos I Génesis de los sentimientos II Las servidumbres del yo 2. La estructuración de la realidad (6 a 9 años) Imagen y pensamiento La voluntad de sí Tiempo, intervalo y duración La conciencia moral Autoimagen y esquema corporal Escolaridad y aprendizaje  aSENTIDOS EN LOS NIÑOS aREALIDAD EN LOS NIÑOS aPSICOLOGÍA INFANTIL